| 000 | 00371nam a2200157Ia 4500 | ||
|---|---|---|---|
| 008 | 191121s9999||||xx |||||||||||||| ||und|| | ||
| 020 | _a9780115513824 | ||
| 040 | _aIMU-MPC | ||
| 082 | _aColumn-5 | ||
| 100 | _aMSA | ||
| 245 | 0 | _aCargo Record Book for Ships Carrying Noxious Liquid Substances in Bulk | |
| 260 | _bMSA | ||
| 260 | _c1995 | ||
| 300 | _a66 | ||
| 942 | _cBK | ||
| 999 |
_c2156 _d2156 |
||